History Of Modern English Literature (Record no. 39151)

MARC details
000 -LEADER
fixed length control field 00487nam a2200193Ia 4500
008 - FIXED-LENGTH DATA ELEMENTS--GENERAL INFORMATION
fixed length control field 220531s9999 xx 000 0 und d
041 ## - LANGUAGE CODE
Language code of text/sound track or separate title eng
082 ## - DEWEY DECIMAL CLASSIFICATION NUMBER
Classification number -
Item number PAN
100 ## - MAIN ENTRY--PERSONAL NAME
Personal name Panda, D. S.
9 (RLIN) 69839
245 ## - TITLE STATEMENT
Title History Of Modern English Literature
250 ## - EDITION STATEMENT
Edition statement 1ST
260 ## - PUBLICATION, DISTRIBUTION, ETC. (IMPRINT)
Place of publication, distribution, etc. Kanpur
Name of publisher, distributor, etc. Bhaskar pub
Date of publication, distribution, etc. 2012
300 ## - PHYSICAL DESCRIPTION
Extent 304
542 ## - INFORMATION RELATING TO COPYRIGHT STATUS
Copyright holder 17-04-2015
551 ## -
-- English
-- Non-grant-ENG
650 ## - SUBJECT ADDED ENTRY--TOPICAL TERM
Topical term or geographic name as entry element Literature
9 (RLIN) 69840
906 ## - LOCAL DATA ELEMENT F, LDF (RLIN)
d 2015-2016
f 8142
Holdings
Withdrawn status Lost status Source of classification or shelving scheme Damaged status Not for loan Collection code Home library Current library Date acquired Vendor Cost, normal purchase price Total Checkouts Total Holds Full call number Barcode Date last seen Bill Date Koha item type Original Barcode
    Dewey Decimal Classification       Shri Siddhivinayak Mahila Mahavidyalaya Shri Siddhivinayak Mahila Mahavidyalaya 20/05/2015 Sagar 925.00   1 -/PAN/B/20619 SSMM-BK-20619 06/08/2022 06/08/2022 Books 010020619